00389pab a2200133 454500008004000000100001800040245008600058260000900144300001400153362000800167650002700175700001800202773003500220180718b1996 xxu||||| |||| 00| 0 eng d aLondero, Elio aIndustrialisation and the factor content of Latin American export of manufactures c1996 ap.581-601 aApr aIndustrial development aTeitel, Simon aJournal of Development Studies